000 00928nam a22002777a 4500
001 BR7705809
003 BR-BrBNA
005 20230928085507.0
007 ta
008 230509b bl.||||| |||| 00| 0 por d
040 _aBR-BrBNA
_bpor
_cBiblioteca Nacional de Agricultura
041 _a(Por)
072 _aD10
_b/G514
090 _ D10 BR7705809
110 1 _aComissao Estadual de Planejamento Agricola do Piaui, Teresina (Brasil)
_92040
111 1 _a1. Encontro de Modernizacao do Setor Publico Agricola do Estado do Piaui
_cTeresina, PI (Brazil)
_d18-19 Apr 1977
245 1 _a1. Encontro de Modernizacao do Setor Publico Agricola do Estado do Piaui. Documento final
260 3 _aTeresina, PI (Brasil):
_c1977.
300 _a268 p.
500 _a30 illus.
650 _aADMINISTRACAO PUBLICA
650 _aMODERNIZACAO ADMINISTRATIVA
650 _aPIAUI
909 _a202309
_bLucia
_c55
_dLucia Elande
942 _cBK
999 _c24730
_d24730